Fond národného majetku SR dnes spravuje akcie za viac ako 55 miliárd korún

Vyplatenie dlhopisov Fondom národného majetku SR do r. 2001 si bude vyžadovať aj privatizáciu strategických podnikov. Najväčšie majetkové podiely FNM SR v akciových spoločnostiach. Najväčšie akciové spoločnosti s majetkovou účasťou FNM SR. Portfólio Fondu národného majetku SR.

Enregistré dans:
Détails bibliographiques
Auteur principal: Šporer, Peter
Format: Chapitre de livre
Langue:slovaque
Sujets:
Tags: Ajouter un tag
Pas de tags, Soyez le premier à ajouter un tag!

MARC

LEADER 00000naa a2200000 4500
001 r033548
005 20230921102047.3
041 0 |a slo 
044 |a SK 
245 1 0 |a Fond národného majetku SR dnes spravuje akcie za viac ako 55 miliárd korún  |c Peter Šporer 
520 |a Vyplatenie dlhopisov Fondom národného majetku SR do r. 2001 si bude vyžadovať aj privatizáciu strategických podnikov. Najväčšie majetkové podiely FNM SR v akciových spoločnostiach. Najväčšie akciové spoločnosti s majetkovou účasťou FNM SR. Portfólio Fondu národného majetku SR. 
610 2 0 |a majetok národný 
610 2 0 |a akcie 
610 2 0 |a spoločnosti akciové 
610 2 0 |a dlhopisy 
610 2 0 |a portfólio 
610 2 0 |a privatizácia 
610 2 0 |a FNM SR Bratislava 
100 1 |a Šporer, Peter